[Event "16. Jacques Lemans Open"]
[Site "St. Veit"]
[Date "????.??.??"]
[Round "?"]
[White "Horvath, Gabor"]
[Black "Hebesberger, Thomas"]
[Result "0-1"]
[WhiteElo "2280"]
[BlackElo "2145"]
[PlyCount "58"]
[EventDate "1996.07.??"]

1. e4 c5 2. Nc3 Nc6 3. f4 g6 4. Nf3 Bg7 5. Bc4 e6 6. f5 Nge7 7. fxe6 dxe6 8.
O-O O-O 9. d3 a6 10. a4 Qc7 11. Qe1 Nd4 12. Qh4 Nec6 13. Bh6 b6 14. Rf2 Nxf3+
15. Rxf3 Bxh6 16. Qxh6 Nd4 17. Rf6 Qe5 {} 18. Raf1 Nf5 19. Rxg6+ fxg6 20. exf5
Rxf5 21. Rxf5 Qxf5 22. Ne4 Ra7 23. Qh4 Rf7 24. h3 Bb7 25. Kh2 Bxe4 26. dxe4
Qf4+ 27. Qxf4 Rxf4 28. Bxe6+ Kg7 29. Bd5 Kf6 0-1

[Event "16. Jacques Lemans Open"]
[Site "St. Veit"]
[Date "????.??.??"]
[Round "?"]
[White "Praznik, Niko"]
[Black "Markun, Bostjan"]
[Result "1/2-1/2"]
[WhiteElo "2145"]
[BlackElo "2265"]
[PlyCount "54"]
[EventDate "1996.07.??"]

1. e4 e6 2. d4 d5 3. e5 c5 4. c3 Ne7 5. Nf3 Nec6 6. a3 a5 7. a4 Nd7 8. Na3 f6
9. exf6 Nxf6 10. Nb5 Bd6 11. Bd3 O-O 12. O-O e5 13. Nxd6 Qxd6 14. dxe5 Nxe5 15.
Nxe5 Qxe5 16. Re1 Qd6 17. h3 Bd7 18. Bg5 Rae8 19. Rxe8 Bxe8 20. Bh4 Bc6 21. Qc2
{} 21... c4 22. Bf5 h6 23. Bg3 Qe7 24. Qd2 Re8 25. Kf1 Ne4 26. Bxe4 Qxe4 27.
Re1 Qxe1+ 1/2-1/2

[Event "16. Jacques Lemans Open"]
[Site "St. Veit"]
[Date "????.??.??"]
[Round "?"]
[White "Raffalt, Manfred"]
[Black "Posch, Werner"]
[Result "1-0"]
[WhiteElo "2215"]
[BlackElo "2210"]
[PlyCount "33"]
[EventDate "1996.07.??"]

1. d4 d5 2. c4 Bf5 3. cxd5 Bxb1 4. Qa4+ c6 5. Rxb1 Qxd5 6. Nf3 Nd7 7. e3 Ngf6
8. Be2 e6 9. O-O Bd6 10. Bd2 Ne4 11. Bb4 Bc7 12. Rbc1 Qh5 13. Qc2 f5 14. Ne5
Qh6 15. f4 g5 16. Qb3 gxf4 {} 17. Bh5+ 1-0

[Event "16. Jacques Lemans Open"]
[Site "St. Veit"]
[Date "????.??.??"]
[Round "?"]
[White "Vokroj, Rene"]
[Black "Schneider Zinner, Harald"]
[Result "1-0"]
[WhiteElo "2245"]
[BlackElo "2165"]
[PlyCount "77"]
[EventDate "1996.07.??"]

1. Nf3 e6 2. g3 b6 3. Bg2 Bb7 4. d3 Nf6 5. Nbd2 c5 6. O-O d5 7. e4 Be7 8. Re1
Nc6 9. Qe2 Qc7 10. c3 O-O-O 11. Nf1 d4 12. e5 Nd5 13. c4 Ndb4 14. a3 Na6 15.
Bd2 h6 16. g4 h5 17. gxh5 Rxh5 18. Ng3 Rh7 19. Bf4 Rdh8 20. Ne4 Nd8 {} 21.
Nd6+ Bxd6 22. exd6 Qc6 23. b4 Nb8 24. b5 Qe8 25. a4 f6 26. a5 e5 27. a6 Bxf3
28. Bxf3 Qg6+ 29. Bg3 Nf7 30. Bg4+ f5 31. Qe4 Nxd6 32. Qxe5 fxg4 33. Qxd6 Qxd6
34. Bxd6 Kd7 35. Bg3 g6 36. Re4 Re7 37. Rae1 Rxe4 38. Rxe4 Rf8 39. Rxg4 1-0

[Event "16. Jacques Lemans Open"]
[Site "St. Veit"]
[Date "????.??.??"]
[Round "?"]
[White "Piven, Igor"]
[Black "Feichter, Clemens"]
[Result "1-0"]
[WhiteElo "2345"]
[BlackElo "2051"]
[PlyCount "41"]
[EventDate "1996.07.??"]

1. d4 g6 2. Nf3 Bg7 3. e4 Nf6 4. e5 Ne4 5. Bd3 d5 6. O-O c5 7. c3 cxd4 8. cxd4
Nc6 9. Be3 O-O 10. Nbd2 Bf5 11. Nb3 f6 12. exf6 exf6 13. Rc1 Rc8 14. Nc5 Qe7
15. Nh4 Be6 {} 16. Bxe4 dxe4 17. Nxe6 Qxe6 18. d5 Qe5 19. dxc6 g5 20. Qb3+ Kh8
21. Rc5 1-0

[Event "16. Jacques Lemans Open"]
[Site "St. Veit"]
[Date "????.??.??"]
[Round "?"]
[White "Susnik, Matej"]
[Black "Giessmann, Andreas"]
[Result "1-0"]
[WhiteElo "2235"]
[BlackElo "2044"]
[PlyCount "62"]
[EventDate "1996.07.??"]

1. e4 d5 2. exd5 Nf6 3. c4 e6 4. dxe6 Bxe6 5. Nf3 Nc6 6. Be2 Bc5 7. O-O Qd7 8.
d3 O-O-O 9. Nbd2 Bf5 10. Nb3 Bd4 11. Nbxd4 Nxd4 12. Nxd4 Qxd4 13. Qb3 {} 13...
Bxd3 14. Be3 Qe4 15. Bf3 Bxc4 16. Qb4 Nd5 17. Qa4 Qe5 18. Qxc4 Nxe3 19. Qe2
Rhe8 20. fxe3 f5 21. Rad1 Qc5 22. Rxd8+ Rxd8 23. Kh1 Qa5 24. Qc4 Qd2 25. Qb5 c6
26. Qxf5+ Kc7 27. Qe5+ Kb6 28. h3 Qa5 29. Qxa5+ Kxa5 30. Rd1 Rxd1+ 31. Bxd1 Kb4
1-0

[Event "16. Jacques Lemans Open"]
[Site "St. Veit"]
[Date "????.??.??"]
[Round "?"]
[White "Valent, Peter"]
[Black "Winiwarter, Felix"]
[Result "0-1"]
[WhiteElo "1862"]
[BlackElo "2165"]
[PlyCount "82"]
[EventDate "1996.07.??"]

1. e4 e6 2. d4 d5 3. Nc3 Bb4 4. exd5 exd5 5. Bd3 Nf6 6. Nge2 O-O 7. Bg5 c6 8.
O-O Bg4 9. f3 Bh5 10. Nf4 Bg6 11. Bxg6 hxg6 12. Nd3 Bd6 13. Bf4 Bxf4 14. Nxf4
Nbd7 15. Qd2 Qb6 16. b3 Rae8 17. Rfe1 Rxe1+ 18. Rxe1 Re8 19. Rxe8+ Nxe8 20. Qe3
Nd6 21. Nce2 Nf6 22. g4 Qa5 23. g5 Nf5 24. Qc3 Qxc3 25. Nxc3 Nh7 26. Nce2 Nxg5
27. Kf2 Kf8 28. c4 dxc4 29. bxc4 Ke7 30. Nd3 Ne6 31. d5 cxd5 32. cxd5 Nc7 33.
Nc3 Kd6 34. a4 a6 35. a5 Nb5 36. Ne4+ Kxd5 37. Ndc5 Nbd6 38. Nxd6 Nxd6 39. Nb3
Kc4 40. Nd2+ Kb4 41. Ke3 Nc4+ 0-1

[Event "16. Jacques Lemans Open"]
[Site "St. Veit"]
[Date "????.??.??"]
[Round "?"]
[White "Jeraj, Zlatko"]
[Black "Enzendorfer, Alfred"]
[Result "1-0"]
[WhiteElo "2150"]
[BlackElo "2094"]
[PlyCount "62"]
[EventDate "1996.07.??"]

1. d4 d5 2. Nf3 Nf6 3. c4 e6 4. Nc3 Be7 5. Bg5 a6 6. e3 O-O 7. Bd3 dxc4 8. Bxc4
b5 9. Bd3 Nbd7 10. Rc1 Bb7 11. O-O c5 12. Bb1 Rc8 13. Re1 {} 13... cxd4 14.
exd4 b4 15. Ne4 Rxc1 16. Qxc1 Nxe4 17. Bxe4 Bxe4 18. Rxe4 Bxg5 19. Nxg5 h6 20.
Nf3 Qc8 21. Qd2 Nf6 22. Re1 Qc4 23. Rc1 Qb5 24. Rc5 Qb6 25. Qc2 Rd8 26. h3 a5
27. Qa4 Rd5 28. Rc8+ Kh7 29. Qc2+ g6 30. Rf8 Kg7 31. Qc8 Nd7 1-0

[Event "16. Jacques Lemans Open"]
[Site "St. Veit"]
[Date "????.??.??"]
[Round "?"]
[White "Kuess, Mario"]
[Black "Widowitz, Manfred"]
[Result "0-1"]
[WhiteElo "2115"]
[BlackElo "1994"]
[PlyCount "80"]
[EventDate "1996.07.??"]

1. f4 Nf6 2. Nf3 g6 3. b3 Bg7 4. Bb2 O-O 5. e3 b6 6. g3 Bb7 7. Bg2 c5 8. O-O
Nc6 9. Re1 d5 10. d3 e6 11. Nbd2 Re8 12. e4 {} 12... Nxe4 13. Bxg7 Nxd2 14.
Bb2 Nxf3+ 15. Qxf3 d4 16. Qe2 Qf6 17. Qd2 Re7 18. a3 a5 19. Re2 Rae8 20. Rae1
e5 21. fxe5 Rxe5 22. Rxe5 Rxe5 23. Bc1 Qe7 24. Re4 Nd8 25. Rxe5 Qxe5 26. Bxb7
Nxb7 27. Qf2 Nd8 28. Bf4 Qe7 29. Qf3 Kg7 30. Qe4 Qxe4 31. dxe4 Ne6 32. Bb8 b5
33. a4 bxa4 34. bxa4 c4 35. e5 d3 36. cxd3 c3 37. Ba7 c2 38. Be3 Nd4 39. e6 Kf8
40. Bh6+ Ke7 0-1

[Event "16. Jacques Lemans Open"]
[Site "St. Veit"]
[Date "????.??.??"]
[Round "?"]
[White "Baumgartner, Martin"]
[Black "Juergens, Klaus"]
[Result "0-1"]
[WhiteElo "1909"]
[BlackElo "2185"]
[PlyCount "49"]
[EventDate "1996.07.??"]

1. e4 c5 2. Nf3 Nc6 3. d4 cxd4 4. Nxd4 Nf6 5. Nc3 d6 6. h3 e6 7. Be3 Be7 8. f4
Bd7 9. Qf3 a6 10. a4 O-O 11. Bd3 Qc7 12. g4 Nxd4 13. Bxd4 Bc6 14. g5 Nd7 15.
Be3 b5 16. Rg1 Nc5 17. Qh5 g6 18. Qh4 b4 19. f5 exf5 {} 20. Bxc5 bxc3 21. Bd4
cxb2 22. Bxb2 Qb6 23. O-O-O Rab8 24. Bc3 Qe3+ 25. Rd2 0-1

[Event "16. Jacques Lemans Open"]
[Site "St. Veit"]
[Date "????.??.??"]
[Round "?"]
[White "Herzog, Adolf"]
[Black "Kosmac, Blaz"]
[Result "1-0"]
[WhiteElo "2415"]
[BlackElo "2047"]
[PlyCount "51"]
[EventDate "1996.07.??"]

1. d4 Nf6 2. c4 g6 3. Nc3 d5 4. Nf3 Bg7 5. Qb3 dxc4 6. Qxc4 O-O 7. e4 Bg4 8.
Be3 Nfd7 9. Rd1 Bxf3 10. gxf3 Nc6 11. f4 Nb6 12. Qc5 Qd7 13. d5 Rad8 14. e5 Nb8
15. h4 c6 16. d6 exd6 17. Rxd6 Qg4 18. h5 Rfe8 19. hxg6 hxg6 20. Rxd8 Rxd8 21.
Qe7 Qd7 22. Qh4 Nd5 23. Bc5 f6 24. Qh7+ Kf7 {} 25. Bh3 f5 26. Ne4 1-0

[Event "16. Jacques Lemans Open"]
[Site "St. Veit"]
[Date "????.??.??"]
[Round "?"]
[White "Lang, Karl"]
[Black "Starc, Christian"]
[Result "1/2-1/2"]
[WhiteElo "1982"]
[BlackElo "2165"]
[PlyCount "99"]
[EventDate "1996.07.??"]

1. e4 c5 2. Nc3 Nc6 3. g3 g6 4. Bg2 Bg7 5. d3 Rb8 6. Nf3 b5 7. O-O b4 8. Ne2 e5
9. a3 a5 10. axb4 axb4 11. Nd2 Nge7 12. Nc4 d6 13. Be3 O-O 14. Qc1 Be6 15. b3
Qc7 16. Bh6 f5 17. Bxg7 Kxg7 18. Ra6 fxe4 19. Qa1 Bg4 20. Re1 Bc8 21. Ra2 exd3
22. cxd3 Kg8 23. f4 Bb7 24. Bh3 Nd4 {} 25. Nxd4 exd4 26. Qd1 Nd5 27. Qe2 Nc3
28. Qe6+ Kh8 29. Ra7 Qc6 30. Rxb7 Qxb7 31. Nxd6 Qg7 32. Ne8 Rbxe8 33. Qxe8 Rxe8
34. Rxe8+ Qg8 35. Rxg8+ Kxg8 36. Be6+ Kg7 37. Kg2 Kf6 38. Bc4 Nd1 39. Ba6 Ne3+
40. Kf2 Nf5 41. Kf3 Nd6 42. g4 h6 43. h4 h5 44. Kg3 hxg4 45. Kxg4 Nf5 46. Kf3
Nxh4+ 47. Ke4 Ke6 48. Bc4+ Kd6 49. Bf7 Ke7 50. Bc4 1/2-1/2

[Event "16. Jacques Lemans Open"]
[Site "St. Veit"]
[Date "????.??.??"]
[Round "?"]
[White "Krassnitzer, Otto"]
[Black "Kievelitz, Bernd"]
[Result "0-1"]
[WhiteElo "1974"]
[BlackElo "2125"]
[PlyCount "64"]
[EventDate "1996.07.??"]

1. d4 Nf6 2. c4 e6 3. Nc3 Bb4 4. Bg5 h6 5. Bh4 c5 6. d5 Bxc3+ 7. bxc3 d6 8. e3
e5 9. Nf3 Bf5 10. Be2 Nbd7 11. O-O g5 12. Bg3 Ne4 13. Qb3 Qb6 14. Rac1 Bg6 15.
Rfd1 h5 16. h4 g4 17. Ng5 Nxg5 18. hxg5 Qxb3 19. axb3 h4 20. Bh2 Bh5 21. Kh1 g3
22. Bxh5 Rxh5 23. Bg1 Rxg5 24. f3 f5 25. Ra1 Rg7 26. Rd2 e4 27. Rda2 exf3 28.
gxf3 a6 29. b4 h3 30. e4 Ne5 31. bxc5 Nxf3 {} 32. cxd6 g2+ 0-1

[Event "16. Jacques Lemans Open"]
[Site "St. Veit"]
[Date "????.??.??"]
[Round "?"]
[White "Kurasch, Josef"]
[Black "Eichhorn, Alfred"]
[Result "1-0"]
[WhiteElo "2114"]
[BlackElo "2040"]
[PlyCount "62"]
[EventDate "1996.07.??"]

1. Nf3 Nf6 2. c4 Nc6 3. d4 d5 4. Bf4 dxc4 5. e3 Bf5 6. Bxc4 e6 7. a3 a6 8. O-O
Bd6 9. Bg3 O-O 10. Nc3 Bxg3 11. hxg3 Bg4 12. Rc1 Rc8 13. Be2 Qe7 14. Na4 Nb8
15. Nc5 c6 16. Qb3 b5 17. Qc3 Rfd8 18. Rfe1 h5 19. Ne5 Bxe2 20. Rxe2 h4 21. g4
Nd5 22. Qe1 g5 23. Ned3 Nf6 24. f3 Kg7 25. Nf2 Ng8 26. Qc3 f6 27. Qb3 Kf7 28.
f4 Rd5 29. f5 exf5 30. gxf5 Nd7 31. Nxd7 Qxd7 1-0

[Event "16. Jacques Lemans Open"]
[Site "St. Veit"]
[Date "????.??.??"]
[Round "?"]
[White "Glueck, Michael"]
[Black "Pfaffel, Thomas"]
[Result "1/2-1/2"]
[WhiteElo "2105"]
[BlackElo "2035"]
[PlyCount "92"]
[EventDate "1996.07.??"]

1. e4 c5 2. c3 d5 3. exd5 Qxd5 4. d4 Nc6 5. Nf3 e5 6. dxe5 Qxd1+ 7. Kxd1 Bg4 8.
Bf4 O-O-O+ 9. Nbd2 Nge7 10. Kc1 Ng6 11. Bg3 f6 12. Bb5 Ncxe5 13. Nxe5 Nxe5 14.
Bxe5 fxe5 15. Re1 g6 16. Kc2 a6 17. Bd3 Bd6 18. Ne4 Be7 19. f3 Bf5 20. Nf2 {}
20... Rxd3 21. Nxd3 c4 22. Rxe5 Bxd3+ 23. Kd2 Bd6 24. Re6 Rd8 25. Rf6 Bxh2 26.
Rh1 Bg3 27. Rxh7 Bf5+ 28. Ke2 Re8+ 29. Kd1 Rd8+ 30. Ke2 Bd3+ 31. Kd2 g5 32. Rh1
Bf4+ 33. Ke1 Bc2 34. Rhh6 Bg3+ 35. Ke2 Bd1+ 36. Ke3 Bf4+ 37. Rxf4 gxf4+ 38.
Kxf4 Rg8 39. Rh2 Rf8+ 40. Ke3 Bc2 41. g4 Bb1 42. a3 Kd7 43. f4 Re8+ 44. Kf3 Re1
45. f5 Rf1+ 46. Ke3 Bxf5 1/2-1/2

[Event "16. Jacques Lemans Open"]
[Site "St. Veit"]
[Date "????.??.??"]
[Round "?"]
[White "Hebesberger, Thomas"]
[Black "Piven, Igor"]
[Result "0-1"]
[WhiteElo "2145"]
[BlackElo "2345"]
[PlyCount "66"]
[EventDate "1996.07.??"]

1. d4 Nf6 2. Nf3 d5 3. e3 c6 4. b3 Bg4 5. Bb2 Nbd7 6. Nbd2 e6 7. c4 Bd6 8. Qc2
Ne4 9. Nxe4 dxe4 10. Nd2 f5 11. h3 Qh4 12. Rg1 Bh2 13. Rh1 Bd6 14. Rg1 Bh5 15.
g3 Qe7 16. g4 Bg6 17. Be2 O-O 18. O-O-O fxg4 19. Nxe4 {} 19... Rxf2 20. Rxg4
Bxe4 21. Rxe4 Nf6 22. c5 Nxe4 23. cxd6 Qxd6 24. Qxe4 Rxe2 25. d5 Qc5+ 26. Kb1
Qxe3 27. Qxe3 Rxe3 28. d6 Rd8 29. h4 Rf3 30. Be5 Rf5 31. Bg3 e5 32. h5 Rd7 33.
h6 g5 0-1

[Event "16. Jacques Lemans Open"]
[Site "St. Veit"]
[Date "????.??.??"]
[Round "?"]
[White "Benda, Herbert"]
[Black "Tratar, Marko"]
[Result "0-1"]
[WhiteElo "2200"]
[BlackElo "2420"]
[PlyCount "126"]
[EventDate "1996.07.??"]

1. e4 c5 2. Nf3 d6 3. d4 cxd4 4. Nxd4 Nf6 5. Nc3 Nc6 6. Be2 e6 7. Be3 Be7 8.
O-O O-O 9. f4 Qc7 10. Kh1 a6 11. a4 Re8 12. Bf3 Rb8 13. Qe2 e5 14. Nxc6 bxc6
15. fxe5 dxe5 16. b3 a5 17. Nd1 Be6 18. Rb1 Red8 19. Nf2 Rb7 20. Nd3 Nd7 21.
Bg4 Nf8 22. Bxe6 Nxe6 23. Qh5 f6 24. Rf3 c5 25. Rh3 Nf8 26. Rf1 c4 27. Nc1 cxb3
28. cxb3 Rb4 29. Rg3 Qc6 30. Bh6 g6 31. Bxf8 Bxf8 32. Qf3 Bg7 33. Rd1 {} 33...
Rbd4 34. Re1 Rxe4 35. Rf1 Rf4 36. Qe2 Rd2 37. Qe1 Rxf1+ 38. Qxf1 Qc2 39. Re3
Rd1 40. Re1 Rxe1 41. Qxe1 Bh6 42. Ne2 Qd2 43. Qf1 Be3 44. h3 Kg7 45. Ng3 Qf2
46. Qxf2 Bxf2 47. Ne4 Bb6 48. Nd6 f5 49. Nc4 Bc7 50. b4 axb4 51. a5 b3 52. a6
Bb8 53. Kg1 Ba7+ 54. Kf1 e4 55. Ke2 f4 56. Kd2 f3 57. gxf3 exf3 58. Kc3 f2 59.
Nd2 Kh6 60. Kxb3 Kh5 61. Kc4 Kh4 62. Kd3 Kxh3 63. Ke2 Kg2 0-1

[Event "16. Jacques Lemans Open"]
[Site "St. Veit"]
[Date "????.??.??"]
[Round "?"]
[White "Winiwarter, Felix"]
[Black "Neulinger, Manfred"]
[Result "1-0"]
[WhiteElo "2165"]
[BlackElo "2330"]
[PlyCount "90"]
[EventDate "1996.07.??"]

1. e4 c6 2. d4 d5 3. exd5 cxd5 4. c4 Nf6 5. Nc3 Nc6 6. h3 g6 7. Nf3 Bg7 8. Bd3
O-O 9. O-O Be6 10. c5 Bf5 11. Re1 Bxd3 12. Qxd3 e6 13. Bf4 b6 14. Bd6 Re8 15.
a3 bxc5 16. Bxc5 Nd7 17. b4 Nxc5 18. dxc5 e5 19. Qxd5 e4 20. Qxc6 Bxc3 21. Rad1
Qc8 22. Qxc8 Raxc8 23. Re3 Bg7 24. Ne1 a5 25. Nc2 f5 26. Kf1 Re7 27. Rd5 Rb7
28. Re1 Kf7 29. Red1 Rcc7 30. Ke2 axb4 31. axb4 Bc3 32. Rb1 Ke6 33. Rdd1 Rb5
34. f3 Rcb7 35. fxe4 fxe4 36. Nd4+ Bxd4 37. Rxd4 Rxc5 38. Rxe4+ Kd5 39. bxc5
Rxb1 40. Re7 Kxc5 41. Rxh7 Kd5 42. Re7 Rb8 43. Kf3 Kd6 44. Rg7 Ke6 45. Rxg6+
Kf5 {...} 1-0

[Event "16. Jacques Lemans Open"]
[Site "St. Veit"]
[Date "????.??.??"]
[Round "?"]
[White "Widowitz, Manfred"]
[Black "Kaspret, Guido"]
[Result "1/2-1/2"]
[WhiteElo "1994"]
[BlackElo "2320"]
[PlyCount "114"]
[EventDate "1996.07.??"]

1. e4 c5 2. Nf3 Nc6 3. d4 cxd4 4. Nxd4 e5 5. Nb5 d6 6. N1c3 a6 7. Na3 b5 8. Nd5
Nf6 9. Bg5 Be7 10. Bxf6 Bxf6 11. Nxf6+ Qxf6 12. c3 O-O 13. Bd3 Qg6 14. O-O Bh3
15. Qf3 Be6 16. Nc2 Rab8 17. Ne3 Qg5 18. Nf5 Bxf5 19. exf5 Ne7 20. Qe4 g6 21.
f4 Qxf5 22. Qxf5 gxf5 23. fxe5 dxe5 24. Bxf5 Kg7 25. Rae1 f6 26. Bc2 Rbd8 27.
Rd1 Nd5 28. Rd3 {} 28... Nf4 29. Rxd8 Rxd8 30. Rd1 Rxd1+ 31. Bxd1 Kf7 32. Bc2
h6 33. g3 Ne6 34. b4 Ke7 35. Bb3 Kd6 36. Kf2 Nc7 37. c4 bxc4 38. Bxc4 Kc6 39.
Kf3 f5 40. a4 Nd5 41. b5+ axb5 42. Bxb5+ Kc5 43. Bd3 Nc3 44. Bxf5 Nxa4 45. Kg4
Nc3 46. Kh5 e4 47. Bxe4 Nxe4 48. Kxh6 Kd6 49. Kg6 Ke7 50. Kg7 Nf6 51. Kg6 Ne4
52. g4 Kf8 53. h4 Kg8 54. g5 Ng3 55. Kf6 Nh5+ 56. Kf5 Kg7 57. Kg4 Kg6 1/2-1/2

[Event "16. Jacques Lemans Open"]
[Site "St. Veit"]
[Date "????.??.??"]
[Round "?"]
[White "Markun, Bostjan"]
[Black "Praznik, Anton"]
[Result "1-0"]
[WhiteElo "2265"]
[BlackElo "2230"]
[PlyCount "64"]
[EventDate "1996.07.??"]

1. e4 d6 2. d4 Nf6 3. Nc3 g6 4. f4 Bg7 5. Nf3 c5 6. Bb5+ Bd7 7. Bxd7+ Nfxd7 8.
d5 b5 9. O-O b4 10. Ne2 a5 11. f5 Ne5 12. Nxe5 dxe5 13. Qd3 Qd6 14. Qh3 Nd7 15.
Be3 Nf6 16. Qh4 O-O 17. Rf3 Rfc8 18. Raf1 Qa6 19. Ng3 Qc4 {} 20. d6 Ra6 21.
dxe7 Ne8 22. Qh3 Rc7 23. Rd1 Rd6 24. Rxd6 Nxd6 25. f6 Bh8 26. Rf2 Ne8 27. Rd2
Bxf6 28. Rd8 Rxe7 29. Qc8 Qe6 30. Bxc5 Qxc8 31. Rxc8 Re6 32. a3 bxa3 1-0

[Event "16. Jacques Lemans Open"]
[Site "St. Veit"]
[Date "????.??.??"]
[Round "?"]
[White "Jeray, Zlatko"]
[Black "Vokroj, Rene"]
[Result "0-1"]
[WhiteElo "2150"]
[BlackElo "2245"]
[PlyCount "72"]
[EventDate "1996.07.??"]

1. d4 Nf6 2. c4 e6 3. Nf3 b6 4. Nc3 Bb7 5. g3 Bb4 6. Bg2 O-O 7. O-O Bxc3 8.
bxc3 d6 9. Bg5 Nbd7 10. Re1 h6 11. Bc1 Qe7 12. a4 a5 13. Nh4 Bxg2 14. Kxg2 g5
15. Nf3 Ne4 16. Qd3 f5 17. h4 g4 18. Nd2 Nxd2 19. Bxd2 Qg7 20. e4 Qg6 21. h5
Qf6 22. exf5 e5 23. Re2 Qxf5 24. Qxf5 Rxf5 25. Rh1 Kh7 26. Rhe1 Rxh5 27. f4
gxf3+ 28. Kxf3 Rg8 29. Bf4 Rf5 {} 30. dxe5 dxe5 31. Ke4 Kg6 32. Bd2 Nc5+ 33.
Kd5 e4+ 34. Kc6 Rf6+ 35. Kd5 Rd8+ 36. Ke5 Rf5# 0-1

[Event "16. Jacques Lemans Open"]
[Site "St. Veit"]
[Date "????.??.??"]
[Round "?"]
[White "Nickl, Klaus"]
[Black "Susnik, Matej"]
[Result "1/2-1/2"]
[WhiteElo "2145"]
[BlackElo "2235"]
[PlyCount "33"]
[EventDate "1996.07.??"]

1. d4 d5 2. Nf3 c5 3. e3 e6 4. c3 Nc6 5. Bd3 Nf6 6. Nbd2 Bd6 7. O-O O-O 8. dxc5
Bxc5 9. e4 e5 10. exd5 Nxd5 11. Nb3 Be7 12. Re1 Bf6 13. Be4 Nce7 14. Qc2 g6 15.
Be3 Qc7 16. Bc5 Re8 17. Rad1 {} 1/2-1/2

[Event "16. Jacques Lemans Open"]
[Site "St. Veit"]
[Date "????.??.??"]
[Round "?"]
[White "Kievelitz, Bernd"]
[Black "Horvath, Gabor"]
[Result "0-1"]
[WhiteElo "2125"]
[BlackElo "2280"]
[PlyCount "62"]
[EventDate "1996.07.??"]

1. Nf3 Nf6 2. c4 g6 3. Nc3 Bg7 4. e4 d6 5. d4 O-O 6. Be3 h6 7. h3 e5 8. Be2
exd4 9. Nxd4 Re8 10. Qc2 Na6 11. Nb3 Nb4 12. Qb1 Qe7 13. Bf3 Nc6 14. O-O Ne5
15. Be2 g5 16. Nd4 g4 17. Nf5 Bxf5 18. exf5 gxh3 19. gxh3 Rad8 20. Qc2 Nh7 21.
Nd5 Qh4 22. Kg2 Ng5 23. Rh1 c6 24. Nf4 d5 25. cxd5 cxd5 {} 26. Rag1 d4 27. Bc1
d3 28. Nxd3 Qe4+ 29. f3 Ngxf3 30. Bxf3 Qxf3+ 31. Kh2 Rxd3 0-1

[Event "16. Jacques Lemans Open"]
[Site "St. Veit"]
[Date "????.??.??"]
[Round "?"]
[White "Posch, Werner"]
[Black "Kurasch, Josef"]
[Result "1-0"]
[WhiteElo "2210"]
[BlackElo "2114"]
[PlyCount "77"]
[EventDate "1996.07.??"]

1. e4 d6 2. Nc3 Nf6 3. g3 e5 4. Bg2 g6 5. d3 Bg7 6. f4 c6 7. Nf3 Nbd7 8. O-O
O-O 9. Kh1 b5 10. a3 a5 11. Be3 Bb7 12. Qd2 b4 13. axb4 axb4 14. Ne2 c5 15.
fxe5 dxe5 16. Bg5 Qb6 17. b3 Ra3 18. Bh3 Rfa8 19. Rac1 Ra2 20. Qe3 Qd6 21. Nd2
Ba6 22. Qf2 Rf8 23. Qe3 h5 24. Qf3 Kh7 25. Rf2 Ng8 26. g4 {} 26... f6 27. Be3
h4 28. g5 fxg5 29. Qg4 Rxf2 30. Bxf2 Ngf6 31. Qxg5 Bh6 32. Qxh4 Bxd3 33. Ng3
Rxc2 34. Ra1 Rxd2 35. Be3 Bxe4+ 36. Nxe4 Rd1+ 37. Kg2 Nxe4 38. Ra7 Kh8 39. Bxh6
1-0

[Event "16. Jacques Lemans Open"]
[Site "St. Veit"]
[Date "????.??.??"]
[Round "?"]
[White "Starc, Christian"]
[Black "Robitsch, Hermann"]
[Result "1/2-1/2"]
[WhiteElo "2165"]
[BlackElo "1983"]
[PlyCount "68"]
[EventDate "1996.07.??"]

1. Nf3 c5 2. c4 Nf6 3. Nc3 Nc6 4. d4 cxd4 5. Nxd4 e5 6. Ndb5 d6 7. g3 a6 8. Na3
Be7 9. Bg2 Bf5 10. O-O h5 11. h4 Ng4 12. e4 Be6 13. Re1 g5 14. Bxg5 Bxg5 15.
hxg5 Qxg5 16. Nd5 h4 17. f3 {} 17... Nf2 18. Kxf2 Qxg3+ 19. Ke3 Qxg2 20. Nc7+
Ke7 21. Nxa8 Qxb2 22. Qb3 Qd4+ 23. Ke2 Rg8 24. Rg1 Rxg1 25. Rxg1 Qxg1 26. Qxb7+
Bd7 27. Nb6 Nd4+ 28. Kd2 Qf2+ 29. Kc1 Qe1+ 30. Kb2 Qd2+ 31. Kb1 Qb4+ 32. Ka1
Qc3+ 33. Kb1 Qb4+ 34. Ka1 Qc3+ 1/2-1/2

[Event "16. Jacques Lemans Open"]
[Site "St. Veit"]
[Date "????.??.??"]
[Round "?"]
[White "Eberhart, Arnold"]
[Black "Hintergger, Arthur"]
[Result "0-1"]
[WhiteElo "1999"]
[BlackElo "2140"]
[PlyCount "75"]
[EventDate "1996.07.??"]

1. d3 d5 2. Nd2 g6 3. e4 e6 4. h4 h5 5. g3 Bg7 6. Bg2 Ne7 7. Nh3 c5 8. O-O Nbc6
9. Nf4 d4 10. a4 O-O 11. Nc4 e5 12. Nh3 b6 13. Bd2 Rb8 14. f4 Bg4 15. Qe1 Qd7
16. Nf2 Be6 17. Qe2 exf4 18. Bxf4 Rbd8 19. e5 Nd5 20. Bg5 f6 21. exf6 Bxf6 22.
Bxf6 Nxf6 23. Bxc6 Qxc6 24. Ne5 {} 24... Qe8 25. Nxg6 Qxg6 26. Qxe6+ Kg7 27.
Qh3 Rde8 28. Rae1 Re3 29. Nh1 Rfe8 30. Rc1 Ng4 31. Qg2 Qd6 32. Rf4 Re2 33. Qb7+
R8e7 34. Qa8 Re1+ 35. Rxe1 Rxe1+ 36. Kg2 Qe7 37. Nf2 Re2 38. Qd5 0-1

[Event "16. Jacques Lemans Open"]
[Site "St. Veit"]
[Date "????.??.??"]
[Round "?"]
[White "Widowitz, Josef"]
[Black "Kuess, Mario"]
[Result "0-1"]
[WhiteElo "1951"]
[BlackElo "2115"]
[PlyCount "120"]
[EventDate "1996.07.??"]

1. e4 d5 2. exd5 Nf6 3. Nf3 Nxd5 4. d4 g6 5. c4 Nb6 6. b3 Bg7 7. Bb2 c5 8. Na3
Nc6 9. Nc2 Bg4 10. Be2 O-O 11. Rb1 cxd4 12. Nfxd4 Nxd4 13. Nxd4 Bxe2 14. Nxe2
Qxd1+ 15. Kxd1 Rad8+ 16. Kc2 Bxb2 17. Rxb2 e5 18. Kc3 f5 19. Rd2 Rxd2 20. Kxd2
Rd8+ 21. Kc2 Kf7 22. Nc3 Ke6 23. Re1 g5 24. f3 a6 25. g4 h6 26. h4 gxh4 27. Rh1
fxg4 28. fxg4 Rg8 29. Rxh4 Rg6 30. Ne4 Nd7 31. Kd3 Nf6 32. Nc5+ Ke7 33. Nxb7
Nxg4 34. Ke4 Kf6 35. Kd5 e4 36. Kd4 Kg5 37. Rh1 Kf4 38. Rf1+ Kg3 39. Kxe4 Re6+
40. Kd5 Rg6 41. Rc1 h5 42. c5 Nf6+ 43. Ke5 Nd7+ 44. Kd5 Kg2 {} 45. Nd6 Rg5+
46. Kd4 Rxc5 47. Rxc5 Nxc5 48. Nf5 Ne6+ 49. Ke5 Nc5 50. Kd4 Ne6+ 51. Kd5 Nf4+
52. Ke4 Ne2 53. Ke3 Nc1 54. Kf4 Nxa2 55. Ne3+ Kf2 56. Nd5 Ke2 57. Nc7 a5 58.
Na6 Nc1 59. Kg5 Nxb3 60. Kxh5 Kd3 0-1

[Event "16. Jacques Lemans Open"]
[Site "St. Veit"]
[Date "????.??.??"]
[Round "?"]
[White "Zvan, Ziga"]
[Black "Glueck, Michael"]
[Result "0-1"]
[WhiteElo "1946"]
[BlackElo "2105"]
[PlyCount "108"]
[EventDate "1996.07.??"]

1. e4 e5 2. Nf3 Nf6 3. Nxe5 d6 4. Nf3 Nxe4 5. d4 d5 6. Bd3 Nc6 7. O-O Bg4 8. c3
Be7 9. Re1 f5 10. h3 Bh5 11. Bf4 O-O 12. Nbd2 Kh8 13. Qc2 Bd6 14. Bxd6 Qxd6 15.
Nh2 Nxd2 16. Qxd2 f4 17. Be2 Bxe2 18. Rxe2 Qg6 19. Nf3 Rae8 20. Rae1 Re4 21.
Qd3 Rxe2 22. Qxe2 a6 23. Ne5 Nxe5 24. Qxe5 Qf7 25. Qe7 Kg8 26. Qg5 Qf5 27. Qe7
Qf7 28. Qh4 Qf6 29. Qxf6 Rxf6 30. Re5 c6 31. Kf1 Kf7 32. Ke2 Re6 33. Kf3 Rxe5
34. dxe5 g5 35. h4 h6 36. hxg5 hxg5 37. Kg4 Ke6 38. Kxg5 Kxe5 39. Kg4 Ke4 40.
f3+ Ke3 {} 41. g3 fxg3 42. Kxg3 c5 43. f4 Ke4 44. f5 Kxf5 45. Kf3 d4 46. cxd4
cxd4 47. Kf2 Ke4 48. Ke2 d3+ 49. Kd2 Kd4 50. Kd1 Ke3 51. Ke1 d2+ 52. Kd1 b6 53.
a3 b5 54. b3 a5 0-1